The impact of shock incarceration programs on prison crowding
| Autores principales: | ; |
|---|---|
| Tipo de documento: | Electrónico Artículo |
| Lenguaje: | Inglés |
| Publicado: |
1994
|
| En: |
Crime & delinquency
Año: 1994, Volumen: 40, Número: 2, Páginas: 222-249 |
| Acceso en línea: |
Volltext (lizenzpflichtig) Volltext (lizenzpflichtig) |
| Verificar disponibilidad: | HBZ Gateway |
MARC
| LEADER | 00000caa a22000002c 4500 | ||
|---|---|---|---|
| 001 | 1912584840 | ||
| 003 | DE-627 | ||
| 005 | 20250126055015.0 | ||
| 007 | cr uuu---uuuuu | ||
| 008 | 241217s1994 xx |||||o 00| ||eng c | ||
| 024 | 7 | |a 10.1177/0011128794040002005 |2 doi | |
| 035 | |a (DE-627)1912584840 | ||
| 035 | |a (DE-599)KXP1912584840 | ||
| 040 | |a DE-627 |b ger |c DE-627 |e rda | ||
| 041 | |a eng | ||
| 084 | |a 2,1 |2 ssgn | ||
| 100 | 1 | |a MacKenzie, Doris L. |d 1943- |e VerfasserIn |0 (DE-588)1055756795 |0 (DE-627)792709853 |0 (DE-576)411232703 |4 aut | |
| 109 | |a MacKenzie, Doris L. 1943- |a MacKenzie, Doris 1943- |a Layton-MacKenzie, Doris 1943- |a MacKenzie, Doris Layton 1943- |a Layton MacKenzie, Doris 1943- | ||
| 245 | 1 | 4 | |a The impact of shock incarceration programs on prison crowding |
| 264 | 1 | |c 1994 | |
| 336 | |a Text |b txt |2 rdacontent | ||
| 337 | |a Computermedien |b c |2 rdamedia | ||
| 338 | |a Online-Ressource |b cr |2 rdacarrier | ||
| 700 | 1 | |a Piquero, Alex R. |d 1970- |e VerfasserIn |0 (DE-588)1038873037 |0 (DE-627)766624382 |0 (DE-576)176864784 |4 aut | |
| 773 | 0 | 8 | |i Enthalten in |t Crime & delinquency |d Thousand Oaks, Calif. [u.a.] : Sage Publications, 1960 |g 40(1994), 2, Seite 222-249 |h Online-Ressource |w (DE-627)306655128 |w (DE-600)1499997-3 |w (DE-576)081985045 |x 1552-387X |7 nnas |
| 773 | 1 | 8 | |g volume:40 |g year:1994 |g number:2 |g pages:222-249 |
| 787 | 0 | 8 | |i Forschungsdaten |a MacKenzie, Doris Layton |t Multisite Evaluation of Shock Incarceration: (Florida, Georgia, Illinois, Louisiana, Oklahoma, South Carolina, and Texas), 1987-1992 |d [Erscheinungsort nicht ermittelbar] : [Verlag nicht ermittelbar], 1998 |w (DE-627)1840059281 |
| 787 | 0 | 8 | |i Forschungsdaten |a MacKenzie, Doris L. |t Shock Incarceration in Louisiana, 1987-1989 |d [Erscheinungsort nicht ermittelbar] : [Verlag nicht ermittelbar], 1993 |w (DE-627)1840064307 |
| 856 | 4 | 0 | |u https://doi.org/10.1177/0011128794040002005 |x Resolving-System |z lizenzpflichtig |3 Volltext |7 1 |
| 856 | 4 | 0 | |u https://www.ncjrs.gov/App/Publications/abstract.aspx?ID=147511 |x Verlag |z lizenzpflichtig |3 Volltext |7 1 |
| 935 | |a mkri | ||
| 951 | |a AR | ||
| ELC | |a 1 | ||
| LOK | |0 000 xxxxxcx a22 zn 4500 | ||
| LOK | |0 001 4637550343 | ||
| LOK | |0 003 DE-627 | ||
| LOK | |0 004 1912584840 | ||
| LOK | |0 005 20241217044554 | ||
| LOK | |0 008 241217||||||||||||||||ger||||||| | ||
| LOK | |0 035 |a (DE-2619)ICPSR19734 | ||
| LOK | |0 040 |a DE-2619 |c DE-627 |d DE-2619 | ||
| LOK | |0 092 |o n | ||
| LOK | |0 852 |a DE-2619 | ||
| LOK | |0 852 1 |9 00 | ||
| LOK | |0 935 |a nacp | ||
| LOK | |0 939 |a 17-12-24 |b l01 | ||
| ORI | |a SA-MARC-krimdoka001.raw | ||
